ՀՀ Գիտությունների ազգային ակադեմիայի հիմնարար գիտական գրադարան  =   Fundamental Scientific Library of NAS RA

Религиозно-общественные движения XVII-XVIII вв. в России / (Record no. 541991)

MARC details
000 -LEADER
fixed length control field 00928nam a2200193 a 4500
003 - CONTROL NUMBER IDENTIFIER
control field AM-YEHGA
005 - DATE AND TIME OF LATEST TRANSACTION
control field 20260403152023.0
008 - FIXED-LENGTH DATA ELEMENTS--GENERAL INFORMATION
fixed length control field 180313s1922 ru ||||| |||| 000|0|rus||
040 ## - CATALOGING SOURCE
Original cataloging agency AM-YEHGA
041 0# - LANGUAGE CODE
Language code of text/sound track or separate title rus
001 - CONTROL NUMBER
control field 1324843
100 1# - MAIN ENTRY--PERSONAL NAME
Personal name Мельгунов, Сергей Петрович
245 10 - TITLE STATEMENT
Title Религиозно-общественные движения XVII-XVIII вв. в России /
Statement of responsibility, etc. С. П. Мельгунов
260 ## - PUBLICATION, DISTRIBUTION, ETC.
Place of publication, distribution, etc. Москва :
Name of publisher, distributor, etc. Задруга,
Date of publication, distribution, etc. 1922.
300 ## - PHYSICAL DESCRIPTION
Extent 196 с. :
Dimensions 17 см.
500 ## - GENERAL NOTE
General note Из предисл.: "Очерки эти были напечатаны в I и II т.т. "Книги для чтения по истории нового времени, выходившей в 1910-1911 гг. в сер. Историч. Комис. Учеб. отд. О.Р.Т.Зн."
650 14 - SUBJECT ADDED ENTRY--TOPICAL TERM
Topical term or geographic name entry element Религиозно-общественные движения
942 ## - ADDED ENTRY ELEMENTS (KOHA)
Source of classification or shelving scheme Universal Decimal Classification
Koha item type Գրքեր / Books
Holdings
Withdrawn status Lost status Damaged status Not for loan Collection Home library Current library Date acquired Total checkouts Full call number Barcode Date last seen Price effective from Koha item type Public note
        Kusikian Individual Collection Fundamental Scientific Library Fundamental Scientific Library 18/03/2026   Кус/6525 FL0704699 18/03/2026 18/03/2026 Գրքեր / Books ILL Non-Circ.


ՀՀ ԳԱԱ հիմնարար գիտական գրադարան
ՀՀ,Երևան 0019
Մարշալ Բաղրամյան 24/6
հեռախոս:(374-10) 52-47-50
Հետադարձ կապ

All site content, except where otherwise noted, is licensed under a
Creative Commons License